000 00493nab a22001697a 4500
005 20250331091356.0
006 a|||||r|||| 00| 0
007 t|
008 241023b1997 ag ||||| |||| 00| 0 spa d
040 _aAR-EsCIE
100 1 _aContardi, Liliana T.
_q(Liliana Teresa),
_928
245 1 4 _aLos viveristas se reunen
773 _gVol.3, no6 (1997), p. 9
_tPatagonia forestal
856 _uhttp://www.ciefap.org.ar/digitalizado/Pat_for_1997_9.pdf
910 _aPG241023
942 _2ddc
_cMX
_n0
999 _c100
_d100